[Event "Ceske sachove vanoce 2012  -  OPEN"]
[Site "Litomysl"]
[Date "2013.01.02"]
[Round "9.26"]
[White "Stanek, Stanislav"]
[Black "Vanicek, Jan"]
[Result "1-0"]
[WhiteElo "2013"]
[BlackElo "1769"]
[Annotator ",Michail"]
[PlyCount "125"]
[EventDate "2012.12.26"]

1. d4 d5 2. c3 Nf6 3. Bg5 Bf5 4. Qb3 b6 5. e3 Bxb1 6. Rxb1 e6 7. Nf3 Be7 8. Ne5
c6 9. f3 O-O 10. a4 Nfd7 11. Bf4 Nxe5 12. Bxe5 Bd6 13. Bg3 Bxg3+ 14. hxg3 Qd6
15. Kf2 Nd7 16. Bd3 f5 17. g4 g6 $11 18. Rh6 Rf7 19. gxf5 gxf5 20. Rbh1 Rg7 21.
R1h3 Rf8 22. Qd1 Rff7 23. Qh1 Nf8 24. Kf1 Qc7 25. Qg1 Rg3 26. Qh2 Rxh3 27. Qxh3
Rg7 28. Kf2 Rg6 29. Rh4 Rg7 30. g3 Kh8 31. f4 Qf7 32. Be2 Qe7 33. Bf3 Kg8 34.
g4 fxg4 35. Bxg4 Rg6 36. Rh5 Qg7 37. Kf3 Qf6 38. Re5 Rh6 39. Bh5 Kh8 40. Kg3
Qe7 41. Rg5 Nd7 42. Qh4 Nf6 43. Kg2 Qf8 44. Kf3 Rxh5 45. Rxh5 Nxh5 46. Qxh5 Qe7
$11 47. Qe5+ Kg8 48. f5 Kf7 49. Qh8 Qh4 50. fxe6+ Kxe6 51. Qe5+ Kd7 52. Qf5+
Ke7 53. Qe5+ Kd7 54. Ke2 Qg4+ 55. Kd2 Qg2+ 56. Kc1 Qf1+ 57. Kc2 Qe2+ 58. Kb3
Qc4+ 59. Ka3 Qd3 60. Qg7+ Kd6 61. Qxa7 h6 62. Qxb6 Qxe3 63. Qd8+ 1-0

[Event "Ceske sachove vanoce 2012  -  OPEN"]
[Site "Litomysl"]
[Date "2013.01.02"]
[Round "9.27"]
[White "Rychtecky, Pavel"]
[Black "Michalowski, Peter"]
[Result "1/2-1/2"]
[WhiteElo "1714"]
[BlackElo "2009"]
[Annotator ",Michail"]
[PlyCount "97"]
[EventDate "2012.12.26"]

1. d4 Nf6 2. c4 e5 3. dxe5 Ng4 4. Nf3 Bc5 5. e3 Nc6 6. a3 a5 7. Bd2 O-O 8. Qc2
Ngxe5 9. Nxe5 Nxe5 10. Be2 Re8 11. O-O Ra6 12. Bc3 Qh4 13. Bxe5 Rxe5 14. Nd2
Rg6 15. Rfe1 Reg5 16. g3 Rh6 17. Nf1 d6 18. Bf3 Bh3 19. Qe4 Qxe4 20. Bxe4 c6
21. f4 $11 Rgh5 22. Bf3 Rf5 23. Bg2 Bxg2 24. Kxg2 d5 25. g4 Rff6 26. g5 Rhg6
27. cxd5 cxd5 28. Rac1 b6 29. h4 Rc6 30. Red1 Rgd6 31. Rd3 h6 32. Ng3 hxg5 33.
hxg5 g6 34. Kf3 Re6 35. Nf1 Rcd6 36. Rcd1 Kf8 37. Rxd5 Rxd5 38. Rxd5 Ke7 39. a4
Bb4 40. Rd3 Rc6 41. Ng3 Rc2 42. b3 Rd2 43. Rxd2 Bxd2 44. Ne2 Kd6 45. Nd4 Kd5
46. Nc2 Bc3 47. e4+ Kc5 48. Kg4 Kd6 49. Ne3 $11 1/2-1/2

[Event "Ceske sachove vanoce 2012  -  OPEN"]
[Site "Litomysl"]
[Date "2013.01.02"]
[Round "9.28"]
[White "Prachar, Josef"]
[Black "Csefalvay, Stefan"]
[Result "1/2-1/2"]
[WhiteElo "1952"]
[BlackElo "1912"]
[Annotator ",Michail"]
[PlyCount "32"]
[EventDate "2012.12.26"]

1. d4 Nf6 2. c4 e6 3. Nc3 d5 4. Bg5 Be7 5. e3 h6 6. Bh4 O-O 7. Nf3 b6 8. Bd3
Bb7 9. cxd5 Nxd5 10. Bxe7 Qxe7 11. O-O Nd7 12. Rc1 c5 13. e4 Nf4 14. Bb1 cxd4
15. Qxd4 e5 16. Qe3 Nf6 $11 1/2-1/2

[Event "Ceske sachove vanoce 2012  -  OPEN"]
[Site "Litomysl"]
[Date "2013.01.02"]
[Round "9.31"]
[White "Bethge, Johanna"]
[Black "Zitna, Aneta"]
[Result "1-0"]
[WhiteElo "1679"]
[BlackElo "1548"]
[PlyCount "123"]
[EventDate "2012.12.26"]

1. e4 e5 2. Nf3 Nc6 3. Bb5 d6 4. O-O Bd7 5. d4 a6 6. Bc4 exd4 7. Nxd4 Nf6 8.
Nc3 Be7 9. Re1 O-O 10. Nd5 Nxd4 11. Nxe7+ Qxe7 12. Qxd4 Qe5 13. Qxe5 dxe5 14.
Rd1 Bc6 15. f3 h6 16. Bd2 Rfd8 17. Bc3 Re8 18. Rd2 Nd7 19. Bd5 Nb8 20. Bb3 Nd7
21. Rad1 Nb6 22. Ba5 Kf8 23. Bb4+ Kg8 24. Kf2 a5 25. Bc3 Na4 26. Bxa4 Bxa4 27.
b3 Bc6 28. a4 f6 29. Ke3 Kf7 30. Rd3 Ke7 31. Bb2 Red8 32. Ba3+ Ke8 33. Rxd8+
Rxd8 34. Rxd8+ Kxd8 35. Bf8 g6 36. Bxh6 Ke7 37. f4 exf4+ 38. Bxf4 Kd7 39. Kd4
b6 40. g4 Bb7 41. h4 Kd8 42. Ke3 Bc8 43. Kf3 Bd7 44. h5 gxh5 45. gxh5 Be6 46.
h6 Bg8 47. Ke3 Bh7 48. Kd4 Kd7 49. c3 c6 50. Bg3 Kd8 51. e5 fxe5+ 52. Kxe5 Ke7
53. Bf2 c5 54. Kd5 Kd7 55. Bh4 Bc2 56. Ke5 Kc6 57. Be1 Kd7 58. Kf6 Kc6 59. Kg7
b5 60. axb5+ Kxb5 61. c4+ Kc6 62. Bxa5 1-0